000 00305nam a2200145Ia 4500
001 9500
003 GE_BSU
008 181216s||||||||xx |||||||||||||| ||und||
040 _cGE_BSU
245 _aLe Point №2168. 3 avril 2014
260 _c2014
300 _a98p.27cm.
653 _aLe Point
942 _cCR
999 _c42794
_d42794